| 000 | 00941cam a2200289 a 4500 | ||
|---|---|---|---|
| 999 |
_c330755 _d330755 |
||
| 001 | 14177744 | ||
| 003 | NUST | ||
| 005 | 20180116121500.0 | ||
| 008 | 031015r20031920pk b 000 0 eng | ||
| 010 | _a 2003343272 | ||
| 020 | _a969529006X | ||
| 025 | _aP-E-2003343272; 17 | ||
| 035 | _a(DLC) 2003343272 | ||
| 040 |
_aDLC _cDLC |
||
| 042 | _alcode | ||
| 043 | _aa-pk--- | ||
| 050 | 0 | 0 |
_aDS392.H93 _bG39 2003 |
| 082 |
_a954.9182 _bGAZ |
||
| 245 | 0 | 0 |
_aGazetteer of the Province of Sindh, Hyderabad district / _ccompiled by J.W. Smyth. |
| 260 |
_aKarachi : _bIndus Publications, _c2003. |
||
| 300 |
_a106 p. : _bmap ; _c23 cm. |
||
| 500 | _aOriginally published: 1920. | ||
| 651 | 0 |
_aHyderābād District (Pakistan) _93730 |
|
| 700 | 1 |
_aSmyth, James W., _d1838-1902. _93731 |
|
| 906 |
_a7 _bcbc _corigode _d3 _encip _f20 _gy-gencatlg |
||
| 942 |
_2ddc _cBK |
||